Sum 41 - Heaven :x: Hell - Statistics

General Stats
  • This quiz has been taken 10 times
  • The average score is 11 of 20
Answer Stats
Song # Answer % Correct
6 Dopamine
89%
2 Landmines
78%
10 Radio Silence
78%
12 Rise Up
78%
3 I Can't Wait
67%
1 Waiting on a Twist of Fate
67%
5 Future Primitive
56%
20 How the End Begins
56%
9 Johnny Libertine
56%
18 Paint It Black
56%
4 Time Won't Wait
56%
16 House of Liars
44%
19 It's All Me
44%
15 Over the Edge
44%
11 Preparasi a Salire
44%
13 Stranger in These Times
44%
17 You Wanted War
44%
8 Bad Mistake
33%
14 I Don't Need Anyone
33%
7 Not Quite Myself
33%
No matching quizzes found
Score Distribution
Percent of People with Each Score
Percentile by Number Answered
Your Score History
You have not taken this quiz